000 00482nam a2200193Ia 4500
008 240510s9999 xx 000 0 und d
020 _a0001766830098
041 _aEng
082 _a006.68
082 _bS72
100 _aStellman,T.A & Krishnan,G.V
245 0 _aHarnessing autocad 2000i
260 _bUS : Autodesk press
260 _c2001
300 _a1440 p.
650 _aCOMPUTER GRAPHIC PROGRAMS : APPLICATION PACKAGES : AUTOCAD
942 _2ddc
942 _cRBK
999 _c27198
_d27198
945 _a1
_bMadushi Gamage
_c1
_dMadushi Gamage